Nutrición de cultivos

Saved in:
Bibliografiske detaljer
Main Authors: Alcántar González, Gabriel (Author), Trejo-Téllez, Libia I (Author)
Format: Bog
Sprog:spansk
Udgivet: Ciudad de México Mundi Prensa 2007
Fag:
Tags: Tilføj Tag
Ingen Tags, Vær først til at tagge denne postø!

MARC

LEADER 00000cam a2200000 a 4500
001 UCG3803
003 CL-VaPUC
008 100916e20070000MX |||||||||||||||||spa|d
020 |a 9789687462486 
082 0 4 |a 631.8  |b ALC  |2 21 
100 0 |a Alcántar González, Gabriel  |e author  |9 553080 
700 0 |a Trejo-Téllez, Libia I  |e author  |9 553081 
245 1 0 |a Nutrición de cultivos 
300 |a 451 p 
942 |c BK 
945 |d 20100916 00:00:00  |a mfarfan 
260 |a Ciudad de México  |b Mundi Prensa  |c 2007 
650 0 |a Cultivo  |9 264268 
650 0 |a Fertilización   |9 259681 
650 7 |a SUELO  |2 CL-VaPUC  |9 348469 
650 0 |a Hidroponía   |x Hortalizas   |9 380084 
583 |a last modification  |c 20130316 10:03:53  |k Rodrigo Vera 
999 |c 342780  |d 342778 
952 |0 0  |1 0  |4 0  |6 631_800000000000000_ALC_2007  |7 0  |8 A  |9 439289  |a BIBAGR  |b BIBAGR  |d 2019-11-22  |i 4719611  |o 631.8 ALC 2007  |p 4719611  |r 2025-01-20  |w 2019-11-22  |y BK  |k AGR 
952 |0 0  |1 0  |4 0  |6 631_800000000000000_ALC_2007  |7 0  |8 A  |9 439290  |a BIBAGR  |b BIBAGR  |d 2019-11-22  |i 4954041  |o 631.8 ALC 2007  |p 4954041  |r 2025-01-20  |w 2019-11-22  |y BK  |k AGR 
952 |0 0  |1 0  |4 0  |6 631_800000000000000_ALC_2007  |7 0  |8 A  |9 439291  |a BIBAGR  |b BIBAGR  |d 2019-11-22  |i 495405K  |l 1  |o 631.8 ALC 2007  |p 495405K  |r 2025-01-20  |s 2023-12-04  |w 2019-11-22  |y BK  |k AGR 
952 |0 0  |1 0  |4 0  |6 631_800000000000000_ALC_2007  |7 0  |8 A  |9 439292  |a BIBAGR  |b BIBAGR  |d 2019-11-22  |i 4954068  |l 2  |o 631.8 ALC 2007  |p 4954068  |r 2025-01-20  |s 2023-10-16  |w 2019-11-22  |y BK  |k AGR 
952 |0 0  |1 0  |4 0  |6 631_800000000000000_ALC_2007  |7 0  |8 A  |9 439293  |a BIBAGR  |b BIBAGR  |d 2019-11-22  |i 4954076  |l 2  |o 631.8 ALC 2007  |p 4954076  |r 2025-01-20  |s 2022-05-17  |w 2019-11-22  |y BK  |k AGR